Statistics for Rayman Legends quiz

Click here to take the quiz!

General Stats

  • This quiz has been taken 76 times
    (40 since last reset)
  • The average score is 15 of 30

Answer Stats

QuestionAnswer% Correct
What's his score?270 km
74%
Who has world record in Land Distance?Bapa (Lovely cute anglel)
74%
Who has the most diamond cups?Halodan123
74%
Who is the first person to sub 27 all invasions?System9998
71%
What's the fastest invasion in the whole game?Ray and the beanstalk
68%
How many people have sub 23 average? (March 2020)3
65%
Who is probably only one south african player?Inzane
65%
Who has world record in any% speedrun?Marcin (Caramel)
65%
What's the fastest land speed coop ever?12"91 by r2coc
62%
What's the zGhost's invasion average (March 2020)22"90
59%
Wich move can be used as yby up setup?Every answer is correct
59%
Who has world record in 4-2 invasion (The deadly lights)? (March 2020)System9998
59%
Have you enjoyed this quiz?Yes
59%
When ubisoft created challange app?2013
56%
When you can easily fall from phillars in land distance?264 km
50%
Since when PC servers doesn't work?6th October 2019
50%
Who found a water boost strat in 4-1 invasion?Craftendo
47%
What's the earliest distance where you can freeze at murfy distance?+62.50 km
44%
When was Martin's Rayman Legends Discord Server created?August 2017
44%
When System subbed 27 on 4-2 invasion?1st January 2020
41%
How many invasions are in the game?28
41%
What language channels was on the official discord server ?Polish, french, other
41%
Who was first person, who subbed 30 on all invasions?Speeky
41%
Who was first polish person, who subbed 28 on all invasions?Marcin (Caramel)
38%
Who has sub 23 average?zGhost, Martini and FanatyknogiPL
35%
Who was first person to get sub 29 on all invasions?iLLuZionZzz
29%
How long Martini was holding WR in 5-4 invasion (The great lava pursuit)?5 minutes
24%
Who found strat for skipping wall glitch in mutfy distance?Kochanie123
21%
How many invasion world records zGhost has?7
18%
Who has WR in 4-4 (Station Infiltration) no teensie level speedrun?Borowik
15%

Score Distribution

Percentile by Number Answered

Percent of People with Each Score

Your Score History

You have not taken this quiz since the last reset